Uso y evidencia de la Clorhexidina como antiséptico de elección : (Registro nro. 2787)
[ vista simple ]
| 000 -LEADER | |
|---|---|
| campo de control de longitud fija | 01129nam a22002417a 4500 |
| 001 - NÚMERO DE CONTROL | |
| campo de control | 2787 |
| 003 - IDENTIFICADOR DE NÚMERO DE CONTROL | |
| campo de control | HMS |
| 005 - FECHA Y HORA DE LA ÚLTIMA TRANSACCIÓN | |
| campo de control | 20250926115501.0 |
| 008 - DATOS DE LONGITUD FIJA--INFORMACIÓN GENERAL | |
| campo de control de longitud fija | 250926e2024 cl a|||frnt|| 001 0 spa |
| 020 ## - NÚMERO INTERNACIONAL ESTÁNDAR DEL LIBRO | |
| Número Internacional Estándar del Libro | 9788419955548 |
| 040 ## - FUENTE DE CATALOGACIÓN | |
| Centro catalogador/agencia de origen | hms |
| Lengua de catalogación | spa |
| Centro/agencia transcriptor | hms |
| 050 04 - SIGNATURA TOPOGRÁFICA DE LA BIBLIOTECA DEL CONGRESO | |
| Número de clasificación | QD31.3 O23 |
| 100 1# - ENTRADA PRINCIPAL--NOMBRE DE PERSONA | |
| Nombre de persona | Odeh Olmeda, Verónica |
| Término indicativo de función/relación | autora |
| 9 (RLIN) | 4309 |
| 245 10 - MENCIÓN DEL TÍTULO | |
| Título | Uso y evidencia de la Clorhexidina como antiséptico de elección : |
| Resto del título | Ventajas de la formulación a baja concentración (CHX 0,005 + CPC 0,005) / |
| Mención de responsabilidad, etc. | Dra. Verónica Odeh Olmeda |
| Medio | [cuadernillo] |
| 260 ## - PUBLICACIÓN, DISTRIBUCIÓN, ETC. | |
| Lugar de publicación, distribución, etc. | Madrid, España : |
| Nombre del editor, distribuidor, etc. | ERGON, |
| Fecha de publicación, distribución, etc. | c 2024 |
| 300 ## - DESCRIPCIÓN FÍSICA | |
| Extensión | 32 páginas : |
| Otras características físicas | ilustraciones ; |
| Dimensiones | 28 cm. |
| 500 ## - NOTA GENERAL | |
| Nota general | Incluye índice |
| 504 ## - NOTA DE BIBLIOGRAFÍA, ETC. | |
| Nota de bibliografía, etc. | Incluye bibliografía |
| 505 ## - NOTA DE CONTENIDO CON FORMATO | |
| Nota de contenido con formato | 1. Introducción. -- 2. Biofilm oral. -- 3. Métodos de control del biofilm oral. -- 4. Clorhexidina. -- 5. Cloruro de cetilpiridinio. -- 6. Combinación CHX + CPC -- 7. Papel de los antisépticos bucales en el manejo del biofilm oral. -- 8. Recomendaciones finales y recomendaciones. -- 9. Bibliografía. |
| 650 #7 - PUNTO DE ACCESO ADICIONAL DE MATERIA--TÉRMINO DE MATERIA | |
| Término de materia o nombre geográfico como elemento de entrada | Antisépticos Bucales |
| 9 (RLIN) | 4310 |
| 650 #7 - PUNTO DE ACCESO ADICIONAL DE MATERIA--TÉRMINO DE MATERIA | |
| Término de materia o nombre geográfico como elemento de entrada | Mouthwashes |
| 9 (RLIN) | 4311 |
| 942 ## - ELEMENTOS DE ENTRADA SECUNDARIOS (KOHA) | |
| Fuente del sistema de clasificación o colocación | Clasificación de Library of Congress |
| Tipo de ítem Koha | Colección Médica |
| Suprimir en OPAC | No |
| Estatus retirado | Estado de pérdida | Fuente del sistema de clasificación o colocación | Estado de daño | No para préstamo | Colección | Biblioteca de origen | Biblioteca actual | Ubicación en estantería | Fecha de adquisición | Fuente de adquisición | Número de inventario | Total de préstamos | Signatura topográfica completa | Código de barras | Visto por última vez | Copia número | Precio de reemplazo | Tipo de ítem Koha |
|---|---|---|---|---|---|---|---|---|---|---|---|---|---|---|---|---|---|---|
| Clasificación de Library of Congress | Colección Reserva | Biblioteca Hospital Militar de Santiago | Biblioteca Hospital Militar de Santiago | Full Space | 26/09/2025 | Donación | 001981 | QD31.3 O23 2024 | 001981 | 26/09/2025 | c.1 | 26/09/2025 | Colección Médica |
